Statistics for Countries Closest to Diego Garcia

Click here to take the quiz!

General Stats

  • This quiz has been taken 606 times
  • The average score is 17 of 20

Answer Stats

kmcountrymiles% Correct
1793India1114
98%
1710Sri Lanka1062
95%
731Maldives454
93%
2810Indonesia1746
91%
2539Madagascar1577
90%
2992Somalia1860
89%
3307Oman2055
88%
2959Yemen1839
88%
3473Kenya2158
87%
1782Seychelles1108
87%
3478Pakistan2161
86%
3370Malaysia2094
85%
3525Tanzania2190
85%
1767Mauritius1098
84%
3318Thailand2062
83%
3099Comoros1926
82%
3423Myanmar2127
82%
3506Mozambique2179
80%
3581Saudi Arabia2226
79%
3193Ethiopia1984
76%

Score Distribution

Percentile by Number Answered

Percent of People with Each Score

Your Score History

You have not taken this quiz